| 000 | 00348nam a2200133Ia 4500 | ||
|---|---|---|---|
| 008 | 150201s2008 xx 000 0 und d | ||
| 082 |
_a610.6 _bP08G |
||
| 100 | _aGOEBELL,JAEL A | ||
| 245 | _aPRACTICAL MGT. OF THE DIZZLY PATIENT | ||
| 250 | _a2ND | ||
| 260 |
_bWOLTERKULWER _aPHILADELPHIA _c2008 |
||
| 650 | _aMEDICINE AND DIAGNOSIS | ||
| 942 |
_2ddc _cBK |
||
| 999 |
_c918 _d918 |
||